olivia rodrigo song lyrics - Statistics

General Stats
  • This quiz has been taken 21 times
  • The average score is 6 of 19
Answer Stats
Hint Answer % Correct
icecream deja vu
93%
exploited brutal
67%
bleeding vampire
60%
ribbons lacy
53%
lipstick pretty isnt pretty
53%
crucify love is embarrassing
47%
well-traveled obsessed
40%
revenge get him back
33%
rain logical
33%
shower the grudge
27%
naive all i want
20%
blow teenage dream
20%
guilty traitor
20%
hotter bad idea right
13%
signs drivers lisence
13%
plastic making the bed
13%
chest stranger
13%
vacation jealousy jealousy
7%
storm cant catch me now
0%
No matching quizzes found
Score Distribution
Percent of People with Each Score
Percentile by Number Answered
Your Score History
You have not taken this quiz